Statistics for SRH Quiz

Click here to take the quiz!

General Stats

  • This quiz has been taken 15 times
  • The average score is 7 of 10

Answer Stats

QuestionAnswer% Correct
When did SRH start playing?2013
100%
How many IPL seasons have SRH won?1
86%
Who has scored the most runs for SRH?David Warner
86%
Who currently captains SRH?Kane Williamson
79%
What is their highest team score?231/2
71%
Who is the leading wicket-taker for SRH?Bhuvneshwar Kumar
71%
Who first captained SRH?Kumar Sangakkara
71%
What is the highest individual score?126
64%
What is their home ground?Rajiv Gandhi International Stadium
43%
Who owns SRH?Sun TV Network
21%

Score Distribution

Percentile by Number Answered

Percent of People with Each Score

Your Score History

You have not taken this quiz